| 000 | 00511nam a2200181 a 4500 | ||
|---|---|---|---|
| 005 | 20140412111303.0 | ||
| 008 | 001116s19uu xx 00 eng d | ||
| 020 | _a0-394-92552-1 | ||
| 050 |
_aER _bCi48 |
||
| 100 | _aDisney, Walt, 1901-1966 | ||
| 245 |
_aCinderella / _cWalt Disney, 1901-1966. |
||
| 260 |
_aNew York : _bRandom House. |
||
| 300 | _a1 v. (unp.) ; col. ; ill. | ||
| 440 | _aDisney Wonderful Word of Reading, #16 | ||
| 650 | _aFairy tales | ||
| 650 | _aFolklore -- France | ||
| 999 |
_c103554 _d103554 |
||